La corriente / (Registro nro. 11946)

000 -CABECERA
campo de control de longitud fija 01624nam a2200289 a 4500
001 - NÚMERO DE CONTROL
campo de control 000087364
005 - FECHA Y HORA DE LA ÚLTIMA TRANSACCIÓN
campo de control 20200120224949.0
008 - DATOS DE LONGITUD FIJA--INFORMACIÓN GENERAL
campo de control de longitud fija 190822s2018 ck er|||| 000 f spa d
020 ## - NÚMERO INTERNACIONAL ESTÁNDAR DEL LIBRO
Número Internacional Estándar del Libro 9789585628496
041 0# - CÓDIGO DE LENGUA
Código de lengua del texto/banda sonora o título independiente spa
043 ## - CÓDIGO DE ÁREA GEOGRÁFICA
Código de área geográfica s-ck---
082 04 - NÚMERO DE LA CLASIFICACIÓN DECIMAL DEWEY
Número de edición 21
090 ## - LOCALMENTE ASIGNADO TIPO-LC NÚMERO DE CLASIFICACIÓN (OCLC); NÚMERO DE CLASIFICACIÓN LOCAL (RLIN)
Número de clasificación (OCLC) (R) ; Numero de clasificación, CALL (RLIN) (NR) JC
Número cutter local (OCLC) ; Número de libro/Signatura topográfica íntegra, CALL (RLIN) RESCJ
-- 1982-
100 1# - ENTRADA PRINCIPAL--NOMBRE DE PERSONA
Nombre de persona Restrepo Cadavid, Juliana
245 10 - MENCIÓN DE TÍTULO
Título La corriente /
Mención de responsabilidad, etc. Juliana Restrepo.
260 ## - PUBLICACIÓN, DISTRIBUCIÓN, ETC.
Lugar de publicación, distribución, etc. Bogotá :
Nombre del editor, distribuidor, etc. Angosta Editores.
300 ## - DESCRIPCIÓN FÍSICA
Extensión 128 páginas :.
490 #0 - MENCIÓN DE SERIE
Mención de serie Plan Nacional de Lectura y Escritura Leer es mi Cuento / Ministerio de Cultura
500 ## - NOTA GENERAL
Nota general Ménage -- La corriente -- 1997 -- Vol-Au-Vent -- Cuchitril -- Coronas de flores -- Rojo garancieres -- We play endlessly -- Composition notebook -- Las promesas -- Clases particulares -- Frustración geométrica
520 3# - SUMARIO, ETC.
Sumario, etc. "El estilo corriente fluye con sencillez. Parece un agua mansa y, sin embargo, esconde una fuerza que arrastra o acaricia, arrulla o destruye. Es corriente el año que transcurre, la persona promedio, lo que sucede a diario. Los cuentos de Juliana Restrepo tienen algo de corriente alterna, de lente de aumento, algo que nos hace regresar en la lectura porque el chispazo de un detalle nos electriza. Sus cuentos convierten lo común y corriente en una historia de insospechadas sutilezas: cuentan el pasado con la cercanía del presente, lo cotidiano con la fuerza de lo insólito. "
650 14 - PUNTO DE ACCESO ADICIONAL DE MATERIA--TÉRMINO DE MATERIA
Término de materia o nombre geográfico como elemento de entrada Cuentos Colombianos
650 24 - PUNTO DE ACCESO ADICIONAL DE MATERIA--TÉRMINO DE MATERIA
Término de materia o nombre geográfico como elemento de entrada Literatura Colombiana
650 24 - PUNTO DE ACCESO ADICIONAL DE MATERIA--TÉRMINO DE MATERIA
Término de materia o nombre geográfico como elemento de entrada Vida Cotidiana -
Subdivisión de forma Cuentos
650 24 - PUNTO DE ACCESO ADICIONAL DE MATERIA--TÉRMINO DE MATERIA
Término de materia o nombre geográfico como elemento de entrada Flores en la literatura
650 24 - PUNTO DE ACCESO ADICIONAL DE MATERIA--TÉRMINO DE MATERIA
Término de materia o nombre geográfico como elemento de entrada Estudiantes en la literatura
650 24 - PUNTO DE ACCESO ADICIONAL DE MATERIA--TÉRMINO DE MATERIA
Término de materia o nombre geográfico como elemento de entrada Geometría en la literatura
Existencias
Estado de retiro Estado de pérdida Fuente del sistema de clasificación o colocación Estado dañado No para préstamo Código de colección Localización permanente Ubicación/localización actual Fecha de adquisición Número de inventario Total de préstamos Signatura topográfica completa Código de barras Fecha visto por última vez Número de copia Precio válido a partir de Tipo de ítem Koha Nota pública
          Literatura Juvenil Biblioteca Pública San Juan Bosco Biblioteca Pública San Juan Bosco 20/01/2020 NT   JC RESCJ MOS019932 20/01/2020 ej.1 20/01/2020 Libro Literatura Quince días

© Todos los derechos reservados para la Biblioteca Pública Municipal San Juan Bosco, 2020
Secretaria de Cultura de Mosquera
Carrera 3 N° 10 Esquina Centro Cultural Barrio El Carmén Teléfono: 8270830 Ext: 34
Funcionando con KOHA
Contacto: Biblioteca Pública Municipal San Juan Bosco/ bibliotecasanjuanbosco@mosquera-cundinamarca.gov.co
Mosquera, Cundinamarca